[Event "Open de Figueres Miquel Mas 2017 - B"]
[Site "Figueres ESP"]
[Date "2017.08.10"]
[Round "1.1"]
[White "Claret, Franck"]
[Black "Perdomo Raudales, Javier Fern"]
[Result "1-0"]
[WhiteElo "1925"]
[BlackElo "1637"]
[PlyCount "53"]
[EventDate "2017.08.10"]
[EventType "swiss"]
[EventRounds "9"]
[EventCountry "ESP"]
[SourceTitle "Ajedrez en Madrid"]
[Source "lmi"]
[SourceDate "2017.08.10"]
[SourceVersion "1"]
[SourceVersionDate "2018.07.27"]
[SourceQuality "1"]

1. Nf3 d6 2. d4 Nf6 3. g3 g6 4. Bg2 Bg7 5. c4 O-O 6. O-O Re8 7. Nc3 Bg4 8. h3
Bxf3 9. Bxf3 c6 10. Bf4 Nbd7 11. d5 Rc8 12. Rc1 Nb6 13. dxc6 bxc6 14. b3 d5 15.
cxd5 Nfxd5 16. Nxd5 Nxd5 17. Bd2 f5 18. Qc2 Qd7 19. Qc4 Kh8 20. Rfd1 e6 21. Be3
Qf7 22. Bd4 e5 23. Bxd5 cxd5 24. Qxc8 Rxc8 25. Rxc8+ Bf8 26. Bxe5+ Kg8 27. Bd6
1-0

[Event "Open de Figueres Miquel Mas 2017 - B"]
[Site "Figueres ESP"]
[Date "2017.08.10"]
[Round "1.2"]
[White "Perez Fonolleras, Oliver"]
[Black "Gallego Terris, Rafael"]
[Result "0-1"]
[WhiteElo "1634"]
[BlackElo "1924"]
[PlyCount "116"]
[EventDate "2017.08.10"]
[EventType "swiss"]
[EventRounds "9"]
[EventCountry "ESP"]
[SourceTitle "Ajedrez en Madrid"]
[Source "lmi"]
[SourceDate "2017.08.10"]
[SourceVersion "1"]
[SourceVersionDate "2018.07.27"]
[SourceQuality "1"]

1. e4 g6 2. d4 Bg7 3. Nc3 d6 4. Nf3 a6 5. Be3 b5 6. Qd2 Bb7 7. a3 Nd7 8. Be2
Ngf6 9. e5 dxe5 10. dxe5 Ng4 11. e6 Nde5 12. exf7+ Nxf7 13. O-O-O Qxd2+ 14.
Kxd2 O-O-O+ 15. Bd3 Nxe3 16. Kxe3 Nd6 17. Ke2 e5 18. Ng5 Rde8 19. Nce4 Nf5 20.
Nc5 Nd4+ 21. Kf1 Re7 22. c3 h6 23. cxd4 hxg5 24. Bxg6 exd4 25. Bf5+ Kb8 26. f3
Bd5 27. Nxa6+ Kb7 28. Nc5+ Kb6 29. Nd3 Rf8 30. Bg4 c5 31. Kf2 Rfe8 32. Rhe1 Re3
33. Bf5 c4 34. Nb4 Bb7 35. Bg6 R8e7 36. Be4 Bxe4 37. fxe4 Rf7+ 38. Kg1 Rxe1+
39. Rxe1 Be5 40. Rd1 Kc5 41. Rc1 Kd6 42. a4 d3 43. axb5 Bd4+ 44. Kh1 Bxb2 45.
Rd1 Kc5 46. Nd5 c3 47. Nxc3 Bxc3 48. Kg1 d2 49. e5 Bd4+ 50. Kh1 Bxe5 51. Kg1
Bd4+ 52. Kh1 Kxb5 53. h4 Rh7 54. g3 gxh4 55. gxh4 Rxh4+ 56. Kg2 Bc3 57. Kf3 Kc4
58. Ke3 Rh8 0-1

[Event "Open de Figueres Miquel Mas 2017 - B"]
[Site "Figueres ESP"]
[Date "2017.08.10"]
[Round "1.5"]
[White "Oliva Llorens, Antoni"]
[Black "Suita Rodriguez, Natalia"]
[Result "1-0"]
[WhiteElo "1895"]
[BlackElo "1600"]
[PlyCount "117"]
[EventDate "2017.08.10"]
[EventType "swiss"]
[EventRounds "9"]
[EventCountry "ESP"]
[SourceTitle "Ajedrez en Madrid"]
[Source "lmi"]
[SourceDate "2017.08.10"]
[SourceVersion "1"]
[SourceVersionDate "2018.07.27"]
[SourceQuality "1"]

1. e4 e6 2. d4 d5 3. Nc3 Nf6 4. e5 Nfd7 5. f4 c5 6. Nf3 Nc6 7. Be3 Qb6 8. Na4
Qa5+ 9. c3 cxd4 10. b4 Qc7 11. Nxd4 a6 12. Qd2 Nxd4 13. cxd4 f6 14. Rc1 Qd8 15.
Nc5 Nxc5 16. bxc5 fxe5 17. fxe5 Be7 18. Be2 O-O 19. Bf3 Bh4+ 20. Bf2 Bg5 21.
Be3 Bh4+ 22. Ke2 Bd7 23. g3 Bb5+ 24. Kf2 Be7 25. Kg2 Qe8 26. Be2 Qg6 27. Rhf1
Bxe2 28. Qxe2 Qe4+ 29. Kg1 Bg5 30. Rfe1 Bxe3+ 31. Qxe3 Qxe3+ 32. Rxe3 Rf5 33.
Rb3 Rb8 34. Rb6 Rf3 35. c6 Rf7 36. c7 Rc8 37. Rxb7 Rff8 38. Rc6 Kf7 39. Rxa6
Ke7 40. a4 Kd7 41. Rd6+ Ke7 42. a5 Rf3 43. a6 Ra3 44. a7 Ra2 45. Rc6 Kd7 46.
Rc1 Ra4 47. Kf2 h6 48. Rc2 g5 49. Kf3 g4+ 50. Ke3 Ra3+ 51. Kf4 Ra4 52. Kxg4
Rxd4+ 53. Kh3 Ra4 54. Rf2 Kc6 55. Rb8 Kxc7 56. Rf7+ Kd8 57. Rf8+ Kd7 58. Rbxc8
Rxa7 59. Rf7+ 1-0

[Event "Open de Figueres Miquel Mas 2017 - B"]
[Site "Figueres ESP"]
[Date "2017.08.10"]
[Round "1.8"]
[White "Spada, Dario"]
[Black "Nunez Colome, David"]
[Result "0-1"]
[WhiteElo "1583"]
[BlackElo "1861"]
[PlyCount "86"]
[EventDate "2017.08.10"]
[EventType "swiss"]
[EventRounds "9"]
[EventCountry "ESP"]
[SourceTitle "Ajedrez en Madrid"]
[Source "lmi"]
[SourceDate "2017.08.10"]
[SourceVersion "1"]
[SourceVersionDate "2018.07.27"]
[SourceQuality "1"]

1. d4 e6 2. Nf3 Nf6 3. c4 d5 4. e3 Be7 5. Nc3 O-O 6. Bd3 b6 7. O-O Bb7 8. Qe2
Nbd7 9. e4 dxe4 10. Nxe4 c5 11. dxc5 Nxe4 12. Bxe4 Bxe4 13. Qxe4 Nxc5 14. Qe2
Bf6 15. Be3 Qd3 16. Rfe1 Rfd8 17. Bxc5 bxc5 18. Rac1 Rab8 19. b3 a5 20. Rcd1
Qc3 21. Rc1 Qd3 22. Rcd1 Qc3 23. Rc1 Qb4 24. Red1 a4 25. Rxd8+ Rxd8 26. Qc2 a3
27. h3 h6 28. Rd1 Rxd1+ 29. Qxd1 Qc3 30. Qd2 Qa1+ 31. Kh2 Be5+ 32. g3 Bc3 33.
Qd8+ Kh7 34. Qd3+ g6 35. Qd7 Kg7 36. Qa4 Qxa2 37. Kg2 Qb2 38. Qe8 a2 39. g4
a1=Q 40. g5 h5 41. Nh4 Qaa2 42. Nxg6 Qxf2+ 43. Kh1 Qf1# 0-1

[Event "Open de Figueres Miquel Mas 2017 - B"]
[Site "Figueres ESP"]
[Date "2017.08.11"]
[Round "2.3"]
[White "Lazaro Pujol, Abel"]
[Black "Guzman Maglaya, Noli"]
[Result "1-0"]
[WhiteElo "1736"]
[BlackElo "1905"]
[PlyCount "57"]
[EventDate "2017.08.10"]
[EventType "swiss"]
[EventRounds "9"]
[EventCountry "ESP"]
[SourceTitle "Ajedrez en Madrid"]
[Source "lmi"]
[SourceDate "2017.08.10"]
[SourceVersion "1"]
[SourceVersionDate "2018.07.27"]
[SourceQuality "1"]

1. e4 c5 2. Nf3 d6 3. d4 cxd4 4. Nxd4 Nf6 5. Nc3 g6 6. Be3 Bg7 7. f3 a6 8. Qd2
O-O 9. g4 Nc6 10. h4 Ne5 11. Be2 b5 12. h5 Nc4 13. Bxc4 bxc4 14. hxg6 fxg6 15.
Bh6 Bxh6 16. Qxh6 Rf7 17. O-O-O Qb6 18. g5 Nh5 19. Nd5 Qb7 20. c3 Rb8 21. Rd2
e6 22. Rxh5 exd5 23. Rh4 dxe4 24. Rxe4 Bd7 25. Rde2 d5 26. Re5 a5 27. Qh2 Rbf8
28. Re7 Qb8 29. Rxf7 1-0

[Event "Open de Figueres Miquel Mas 2017 - B"]
[Site "Figueres ESP"]
[Date "2017.08.11"]
[Round "2.4"]
[White "Clot Chico, Arnau"]
[Black "Fernandez Marin, Antonio"]
[Result "1-0"]
[WhiteElo "1899"]
[BlackElo "1732"]
[PlyCount "71"]
[EventDate "2017.08.10"]
[EventType "swiss"]
[EventRounds "9"]
[EventCountry "ESP"]
[SourceTitle "Ajedrez en Madrid"]
[Source "lmi"]
[SourceDate "2017.08.10"]
[SourceVersion "1"]
[SourceVersionDate "2018.07.27"]
[SourceQuality "1"]

1. e4 c5 2. Nf3 d6 3. d4 cxd4 4. Nxd4 g6 5. Nc3 Bg7 6. Be3 Nf6 7. f3 a6 8. Qd2
h5 9. h4 Nc6 10. O-O-O Ne5 11. Kb1 Bd7 12. Bg5 b5 13. Nd5 Nxd5 14. exd5 f6 15.
Bf4 Qb6 16. Bd3 Kf7 17. Rhe1 a5 18. Ne6 b4 19. Bxe5 dxe5 20. Nxg7 Kxg7 21. f4
Bg4 22. fxe5 Bxd1 23. exf6+ Qxf6 24. Re6 Bxc2+ 25. Qxc2 Qxh4 26. Rxg6+ Kf7 27.
Qe2 Qh1+ 28. Kc2 Rhc8+ 29. Kb3 a4+ 30. Kxb4 Rab8+ 31. Ka3 Rc3+ 32. bxc3 Qc1+
33. Kxa4 Ra8+ 34. Ra6 Rxa6+ 35. Bxa6 Qxc3 36. Qf3+ 1-0

[Event "Open de Figueres Miquel Mas 2017 - B"]
[Site "Figueres ESP"]
[Date "2017.08.11"]
[Round "2.5"]
[White "Gratacos Font, Albert"]
[Black "Oliva Llorens, Antoni"]
[Result "0-1"]
[WhiteElo "1726"]
[BlackElo "1895"]
[PlyCount "50"]
[EventDate "2017.08.10"]
[EventType "swiss"]
[EventRounds "9"]
[EventCountry "ESP"]
[SourceTitle "Ajedrez en Madrid"]
[Source "lmi"]
[SourceDate "2017.08.10"]
[SourceVersion "1"]
[SourceVersionDate "2018.07.27"]
[SourceQuality "1"]

1. e4 d6 2. d4 Nf6 3. Nc3 g6 4. f3 Bg7 5. Be3 O-O 6. Qd2 c6 7. O-O-O b5 8. g4
a5 9. a4 bxa4 10. Nxa4 Nbd7 11. e5 Nd5 12. Bh6 N7b6 13. Bxg7 Kxg7 14. Nxb6 Qxb6
15. Bc4 a4 16. b3 axb3 17. cxb3 Nb4 18. Kb1 d5 19. Qc3 dxc4 20. e6 f6 21. Qxc4
Qa5 22. Kc1 Ba6 23. Qc5 Qxc5+ 24. dxc5 Nd3+ 25. Kc2 Nf2 0-1

[Event "Open de Figueres Miquel Mas 2017 - B"]
[Site "Figueres ESP"]
[Date "2017.08.11"]
[Round "2.9"]
[White "Gac, Jean-Luc"]
[Black "Vinas Serra, Jaume"]
[Result "1/2-1/2"]
[WhiteElo "1447"]
[BlackElo "1840"]
[PlyCount "42"]
[EventDate "2017.08.10"]
[EventType "swiss"]
[EventRounds "9"]
[EventCountry "ESP"]
[SourceTitle "Ajedrez en Madrid"]
[Source "lmi"]
[SourceDate "2017.08.10"]
[SourceVersion "1"]
[SourceVersionDate "2018.07.27"]
[SourceQuality "1"]

1. e4 Nf6 2. Nc3 d5 3. e5 d4 4. exf6 dxc3 5. dxc3 Qxd1+ 6. Kxd1 gxf6 7. Be3 e5
8. Nf3 Be6 9. Ke1 Nd7 10. Rd1 Bc5 11. Bxc5 Nxc5 12. a3 O-O 13. g4 Rfd8 14.
Rxd8+ Rxd8 15. b3 Ne4 16. c4 Ng5 17. Nxg5 fxg5 18. Bg2 b6 19. Be4 h6 20. Ke2
Kg7 21. Rd1 Rxd1 1/2-1/2

[Event "Open de Figueres Miquel Mas 2017 - B"]
[Site "Figueres ESP"]
[Date "2017.08.12"]
[Round "3.1"]
[White "Claret, Franck"]
[Black "Perez Lopez, Alfonso"]
[Result "1-0"]
[WhiteElo "1925"]
[BlackElo "1755"]
[PlyCount "95"]
[EventDate "2017.08.10"]
[EventType "swiss"]
[EventRounds "9"]
[EventCountry "ESP"]
[SourceTitle "Ajedrez en Madrid"]
[Source "lmi"]
[SourceDate "2017.08.10"]
[SourceVersion "1"]
[SourceVersionDate "2018.07.27"]
[SourceQuality "1"]

1. Nf3 d5 2. c4 c5 3. cxd5 Nf6 4. g3 Nxd5 5. Bg2 g6 6. O-O Bg7 7. Nc3 O-O 8.
Nxd5 Qxd5 9. d3 Nc6 10. Ng5 Qd7 11. Qc2 b6 12. Be3 Bb7 13. Rac1 Nb4 14. Qc4
Bxg2 15. Kxg2 Bxb2 16. Rb1 Bg7 17. d4 Qd5+ 18. Qxd5 Nxd5 19. dxc5 Nxe3+ 20.
fxe3 bxc5 21. Rb7 Bh6 22. Ne4 Bxe3 23. Rxe7 f5 24. Nd6 Bd4 25. Rb1 Rf6 26. Rd7
Be5 27. Nc4 Rb8 28. Rbb7 Rxb7 29. Rxb7 Bd4 30. Rxa7 Rf7 31. Rxf7 Kxf7 32. Kf3
Ke6 33. e4 fxe4+ 34. Kxe4 Bg1 35. h3 g5 36. g4 Bh2 37. a4 Bg3 38. a5 Bf4 39. a6
Bb8 40. Ne5 Kd6 41. Nf7+ Kc6 42. Nxg5 Kb5 43. Nxh7 Kxa6 44. Nf6 Kb5 45. g5 Bd6
46. h4 c4 47. Nd5 Bg3 48. h5 1-0

[Event "Open de Figueres Miquel Mas 2017 - B"]
[Site "Figueres ESP"]
[Date "2017.08.12"]
[Round "3.4"]
[White "Oliva Llorens, Antoni"]
[Black "Lazaro Pujol, Abel"]
[Result "0-1"]
[WhiteElo "1895"]
[BlackElo "1736"]
[PlyCount "74"]
[EventDate "2017.08.10"]
[EventType "swiss"]
[EventRounds "9"]
[EventCountry "ESP"]
[SourceTitle "Ajedrez en Madrid"]
[Source "lmi"]
[SourceDate "2017.08.10"]
[SourceVersion "1"]
[SourceVersionDate "2018.07.27"]
[SourceQuality "1"]

1. c4 e6 2. Nc3 d5 3. e3 c5 4. Nf3 Nf6 5. Qc2 Nc6 6. a3 Be7 7. Be2 O-O 8. O-O
e5 9. cxd5 Nxd5 10. d3 Be6 11. Rd1 Rc8 12. Nd2 f5 13. Nxd5 Bxd5 14. Bf3 Bxf3
15. Nxf3 Qe8 16. Bd2 Qg6 17. Bc3 Bd6 18. Qd2 Rcd8 19. b4 e4 20. Qa2+ Kh8 21.
Ne1 f4 22. bxc5 fxe3 23. fxe3 Qh6 24. g3 Qxe3+ 25. Kg2 Bxc5 26. Rd2 Qg1+ 27.
Kh3 Qf1+ 28. Rg2 Rf2 29. Qe6 Bd4 30. Bxd4 Nxd4 31. Qxe4 Nf3 32. Qe7 Rg8 33. Qe3
Ng1+ 34. Kh4 Rxg2 35. Nxg2 Qxa1 36. g4 Qf1 37. Ne1 Qxe1+ 0-1

[Event "Open de Figueres Miquel Mas 2017 - B"]
[Site "Figueres ESP"]
[Date "2017.08.12"]
[Round "3.8"]
[White "Van Decraen, Roger"]
[Black "Gac, Jean-Luc"]
[Result "1/2-1/2"]
[WhiteElo "1752"]
[BlackElo "1447"]
[PlyCount "42"]
[EventDate "2017.08.10"]
[EventType "swiss"]
[EventRounds "9"]
[EventCountry "ESP"]
[SourceTitle "Ajedrez en Madrid"]
[Source "lmi"]
[SourceDate "2017.08.10"]
[SourceVersion "1"]
[SourceVersionDate "2018.07.27"]
[SourceQuality "1"]

1. d4 Nf6 2. Nf3 g6 3. c4 Bg7 4. Nc3 d5 5. cxd5 Nxd5 6. e4 Nxc3 7. bxc3 c5 8.
Be3 cxd4 9. cxd4 O-O 10. Qd2 Nc6 11. Rb1 Qa5 12. Qxa5 Nxa5 13. Be2 e6 14. O-O
b5 15. Rfd1 Rd8 16. d5 exd5 17. exd5 Nb7 18. Rbc1 Nd6 19. Rc7 Ne8 20. Rcc1 Bb7
21. Bf4 Nd6 1/2-1/2

[Event "Open de Figueres Miquel Mas 2017 - B"]
[Site "Figueres ESP"]
[Date "2017.08.12"]
[Round "3.10"]
[White "Perez Fonolleras, Oliver"]
[Black "Lazaro Porta, Angel"]
[Result "0-1"]
[WhiteElo "1634"]
[BlackElo "1918"]
[PlyCount "66"]
[EventDate "2017.08.10"]
[EventType "swiss"]
[EventRounds "9"]
[EventCountry "ESP"]
[SourceTitle "Ajedrez en Madrid"]
[Source "lmi"]
[SourceDate "2017.08.10"]
[SourceVersion "1"]
[SourceVersionDate "2018.07.27"]
[SourceQuality "1"]

1. e4 e5 2. Nf3 Nf6 3. d4 Nxe4 4. Bd3 d5 5. Nxe5 Bd6 6. O-O O-O 7. f4 c5 8. c3
f6 9. Ng4 Nc6 10. Ne3 Be7 11. Qe2 f5 12. Nxd5 cxd4 13. Bxe4 fxe4 14. Nxe7+ Qxe7
15. cxd4 Bf5 16. Be3 Rad8 17. g4 Bc8 18. Rd1 Kh8 19. Nc3 Qh4 20. f5 Rfe8 21. a3
h5 22. gxh5 Bxf5 23. Rf1 Bg4 24. Qd2 Bf3 25. Rf2 Qxh5 26. Ne2 Qg4+ 27. Kf1 Ne5
28. Nf4 Rf8 29. h3 Qg3 30. Qc3 Rc8 31. Qb4 Nc6 32. Bc1 Rxf4 33. Bxf4 Qxf4 0-1

[Event "Open de Figueres Miquel Mas 2017 - B"]
[Site "Figueres ESP"]
[Date "2017.08.12"]
[Round "4.1"]
[White "Lazaro Pujol, Abel"]
[Black "Claret, Franck"]
[Result "0-1"]
[WhiteElo "1736"]
[BlackElo "1925"]
[PlyCount "80"]
[EventDate "2017.08.10"]
[EventType "swiss"]
[EventRounds "9"]
[EventCountry "ESP"]
[SourceTitle "Ajedrez en Madrid"]
[Source "lmi"]
[SourceDate "2017.08.10"]
[SourceVersion "1"]
[SourceVersionDate "2018.07.27"]
[SourceQuality "1"]

1. e4 c5 2. Nf3 d6 3. d4 cxd4 4. Nxd4 Nf6 5. Nc3 g6 6. Be3 Bg7 7. f3 Nc6 8. Qd2
Nxd4 9. Bxd4 Be6 10. g4 Qa5 11. Bb5+ Kf8 12. h4 a6 13. Be2 Nd7 14. h5 Bxd4 15.
Qxd4 Qe5 16. Qd3 g5 17. O-O-O Rc8 18. Kb1 Qc5 19. Qd2 f6 20. Rdf1 h6 21. f4 Kg7
22. fxg5 Qxg5 23. Qd4 Qc5 24. Qd2 Qg5 25. Qd4 Qe5 26. Qd2 Nc5 27. Re1 Qg5 28.
Qd4 Rhd8 29. Bc4 Qe5 30. Qxe5 dxe5 31. Bxe6 Nxe6 32. Nd5 Kf7 33. c3 Ng5 34. Kc2
Rc4 35. Kd3 Ra4 36. Kc2 Rxe4 37. Ne3 e6 38. Rhf1 Rf4 39. Kc1 Rd3 40. Kc2 Rxe3
0-1

[Event "Open de Figueres Miquel Mas 2017 - B"]
[Site "Figueres ESP"]
[Date "2017.08.12"]
[Round "4.2"]
[White "Clot Chico, Arnau"]
[Black "Buenafe Moya, Jesus"]
[Result "0-1"]
[WhiteElo "1899"]
[BlackElo "1803"]
[PlyCount "112"]
[EventDate "2017.08.10"]
[EventType "swiss"]
[EventRounds "9"]
[EventCountry "ESP"]
[SourceTitle "Ajedrez en Madrid"]
[Source "lmi"]
[SourceDate "2017.08.10"]
[SourceVersion "1"]
[SourceVersionDate "2018.07.27"]
[SourceQuality "1"]

1. e4 g6 2. d4 Bg7 3. f4 Nf6 4. Nc3 d5 5. e5 Ne4 6. Nxe4 dxe4 7. Bc4 Nc6 8. c3
Na5 9. Bb5+ Bd7 10. Qe2 Bxb5 11. Qxb5+ c6 12. Qe2 Qd5 13. Nh3 f5 14. exf6 exf6
15. Nf2 f5 16. Nd3 O-O 17. Ne5 Bxe5 18. dxe5 Rfd8 19. O-O Qd3 20. Kf2 Nc4 21.
b3 Nb6 22. c4 Qxe2+ 23. Kxe2 Rd3 24. Be3 Rad8 25. Rfd1 Rxd1 26. Rxd1 Rxd1 27.
Kxd1 Kf7 28. a4 Ke6 29. Kc2 Nc8 30. a5 b5 31. axb6 axb6 32. Kc3 Kd7 33. Kb4 Kc7
34. Kc3 c5 35. b4 Kc6 36. b5+ Kd7 37. Bf2 Ke6 38. Bh4 Kd7 39. Kd2 Ke6 40. Bd8
Kd7 41. Bh4 Ke6 42. Ke3 Kd7 43. Kf2 Ke6 44. Kg3 h6 45. Bf6 Nd6 46. Bg7 Nxc4 47.
Bxh6 Na3 48. Kf2 Nxb5 49. Ke2 Nd4+ 50. Kd2 b5 51. h3 b4 52. g4 c4 53. Bf8 c3+
54. Kc1 b3 55. gxf5+ Kxf5 56. Ba3 e3 0-1

[Event "Open de Figueres Miquel Mas 2017 - B"]
[Site "Figueres ESP"]
[Date "2017.08.12"]
[Round "4.3"]
[White "Juan Bartroli, Marc"]
[Black "Gonzalez Pabollet, Jesus Maria"]
[Result "1/2-1/2"]
[WhiteElo "1834"]
[BlackElo "1873"]
[PlyCount "81"]
[EventDate "2017.08.10"]
[EventType "swiss"]
[EventRounds "9"]
[EventCountry "ESP"]
[SourceTitle "Ajedrez en Madrid"]
[Source "lmi"]
[SourceDate "2017.08.10"]
[SourceVersion "1"]
[SourceVersionDate "2018.07.27"]
[SourceQuality "1"]

1. d4 d5 2. c4 c6 3. Nc3 Nf6 4. e3 e6 5. Nf3 Nbd7 6. b3 Bb4 7. Bd2 O-O 8. Bd3
Re8 9. Ne5 dxc4 10. Nxc4 b5 11. Nb2 e5 12. O-O exd4 13. exd4 Nb6 14. Ne2 Ba3
15. Qc2 Bg4 16. Be3 Nbd5 17. Nd1 Nb4 18. Qd2 Nxd3 19. Qxd3 Bxe2 20. Qxe2 Qxd4
21. Bxd4 Rxe2 22. Ne3 Nd5 23. Rfd1 Nxe3 24. Bxe3 a6 25. Rd7 Kf8 26. Rc7 Rd8 27.
Rxc6 Rxa2 28. Re1 Bb4 29. Rec1 Ra3 30. g3 Ke8 31. Rb6 Bd2 32. Bxd2 Rxd2 33. Rc3
Ra1+ 34. Kg2 Raa2 35. Rf3 Rd7 36. h4 f6 37. g4 h6 38. Kg3 Ke7 39. Re3+ Kf7 40.
Rf3 Ke7 41. Re3+ 1/2-1/2

[Event "Open de Figueres Miquel Mas 2017 - B"]
[Site "Figueres ESP"]
[Date "2017.08.12"]
[Round "4.6"]
[White "Vidal Palou, Jordi"]
[Black "Oliva Llorens, Antoni"]
[Result "1-0"]
[WhiteElo "1694"]
[BlackElo "1895"]
[PlyCount "69"]
[EventDate "2017.08.10"]
[EventType "swiss"]
[EventRounds "9"]
[EventCountry "ESP"]
[SourceTitle "Ajedrez en Madrid"]
[Source "lmi"]
[SourceDate "2017.08.10"]
[SourceVersion "1"]
[SourceVersionDate "2018.07.27"]
[SourceQuality "1"]

1. d4 Nf6 2. Bg5 e6 3. Nf3 Be7 4. e3 Ne4 5. Bxe7 Qxe7 6. c3 O-O 7. Bd3 f5 8.
Nbd2 d5 9. O-O Nd7 10. Ne5 Qh4 11. Nxd7 Bxd7 12. f3 Nd6 13. Qe2 g5 14. g3 Qh6
15. e4 g4 16. e5 gxf3 17. Nxf3 Ne4 18. Bxe4 fxe4 19. Nh4 Kh8 20. Ng2 a6 21. b3
b6 22. Rf4 Rxf4 23. Nxf4 c5 24. dxc5 bxc5 25. a4 Bc6 26. Rf1 d4 27. cxd4 cxd4
28. Qc4 Bd5 29. Qxd4 Rc8 30. Nxd5 exd5 31. e6+ Qg7 32. Qxd5 Qa7+ 33. Kg2 Rc2+
34. Kh3 Qg7 35. Qd8+ 1-0

[Event "Open de Figueres Miquel Mas 2017 - B"]
[Site "Figueres ESP"]
[Date "2017.08.13"]
[Round "5.1"]
[White "Claret, Franck"]
[Black "Buenafe Moya, Jesus"]
[Result "1/2-1/2"]
[WhiteElo "1925"]
[BlackElo "1803"]
[PlyCount "93"]
[EventDate "2017.08.10"]
[EventType "swiss"]
[EventRounds "9"]
[EventCountry "ESP"]
[SourceTitle "Ajedrez en Madrid"]
[Source "lmi"]
[SourceDate "2017.08.10"]
[SourceVersion "1"]
[SourceVersionDate "2018.07.27"]
[SourceQuality "1"]

1. Nf3 d5 2. c4 c6 3. g3 Nf6 4. Bg2 dxc4 5. Qc2 Nbd7 6. Qxc4 Nb6 7. Qc2 g6 8.
Nc3 Bg7 9. O-O O-O 10. h3 h6 11. d4 Be6 12. Rd1 Nfd5 13. a3 Qc8 14. Kh2 Nxc3
15. bxc3 c5 16. Be3 Nd5 17. Qd2 Nxe3 18. fxe3 cxd4 19. exd4 Bd5 20. Rac1 b5 21.
Qb2 Rb8 22. Nd2 Bxg2 23. Kxg2 Qb7+ 24. e4 f5 25. Qc2 Rbc8 26. Qd3 e6 27. Kh2
Rf7 28. e5 h5 29. Qf3 Bh6 30. Rc2 Qxf3 31. Nxf3 Rfc7 32. Rd3 a5 33. d5 exd5 34.
Rxd5 Rxc3 35. Rd8+ Rxd8 36. Rxc3 Bf8 37. Kg2 b4 38. axb4 axb4 39. Rc6 Rb8 40.
Rxg6+ Kf7 41. Rf6+ Ke7 42. Nd4 Rb7 43. Nb3 Rc7 44. Rxf5 Rc2+ 45. Kf3 Ke6 46. g4
hxg4+ 47. hxg4 1/2-1/2

[Event "Open de Figueres Miquel Mas 2017 - B"]
[Site "Figueres ESP"]
[Date "2017.08.13"]
[Round "5.4"]
[White "Gonzalez Pabollet, Jesus Maria"]
[Black "Perez Lopez, Alfonso"]
[Result "1-0"]
[WhiteElo "1873"]
[BlackElo "1755"]
[PlyCount "70"]
[EventDate "2017.08.10"]
[EventType "swiss"]
[EventRounds "9"]
[EventCountry "ESP"]
[SourceTitle "Ajedrez en Madrid"]
[Source "lmi"]
[SourceDate "2017.08.10"]
[SourceVersion "1"]
[SourceVersionDate "2018.07.27"]
[SourceQuality "1"]

1. Nf3 d5 2. c4 c5 3. cxd5 Nf6 4. e4 Qa5 5. Nc3 g6 6. e5 Ng4 7. h3 Nh6 8. d4
Nf5 9. dxc5 Qxc5 10. g4 Nh6 11. Be3 Qa5 12. a3 Bg7 13. b4 Qd8 14. Rc1 Bd7 15.
Qd2 Ng8 16. Bd4 e6 17. dxe6 Bxe6 18. Nb5 Nc6 19. Nd6+ Kf8 20. Nxb7 Nxd4 21.
Nxd4 Qd5 22. Nxe6+ fxe6 23. Qxd5 exd5 24. Nc5 Ne7 25. Bg2 Kf7 26. e6+ Kf6 27.
O-O g5 28. Rcd1 Rhd8 29. f4 Kg6 30. f5+ Kf6 31. Nd7+ Rxd7 32. exd7 Rd8 33. Bxd5
Rxd7 34. Bb3 Rc7 35. Rd6+ Ke5 1-0

[Event "Open de Figueres Miquel Mas 2017 - B"]
[Site "Figueres ESP"]
[Date "2017.08.13"]
[Round "5.5"]
[White "Nunez Colome, David"]
[Black "Lazaro Pujol, Abel"]
[Result "0-1"]
[WhiteElo "1861"]
[BlackElo "1736"]
[PlyCount "67"]
[EventDate "2017.08.10"]
[EventType "swiss"]
[EventRounds "9"]
[EventCountry "ESP"]
[SourceTitle "Ajedrez en Madrid"]
[Source "lmi"]
[SourceDate "2017.08.10"]
[SourceVersion "1"]
[SourceVersionDate "2018.07.27"]
[SourceQuality "1"]

1. e4 e5 2. Nf3 Nc6 3. Bc4 Bc5 4. c3 Nf6 5. d4 exd4 6. cxd4 Bb4+ 7. Bd2 Bxd2+
8. Qxd2 Nxe4 9. Qe3 d5 10. Bxd5 Qxd5 11. Nc3 Qf5 12. Nxe4 O-O 13. O-O Be6 14.
Ng3 Qd5 15. h3 Rfe8 16. Qc3 Rad8 17. Rfd1 f6 18. a3 Ne7 19. Ne1 Ng6 20. Qc5 Nf4
21. Rac1 c6 22. Kf1 Qd7 23. Kg1 Bd5 24. Rd2 Nxh3+ 25. Kh2 Nf4 26. f3 Re3 27.
Nf1 Re2 28. Rxe2 Nxe2 29. Rc2 Re8 30. Nd3 Qf5 31. Nf2 b6 32. Qb4 Qxc2 33. Qd6
Qc1 34. Qd7 0-1

[Event "Open de Figueres Miquel Mas 2017 - B"]
[Site "Figueres ESP"]
[Date "2017.08.13"]
[Round "5.6"]
[White "Vinas Serra, Jaume"]
[Black "Vidal Palou, Jordi"]
[Result "1/2-1/2"]
[WhiteElo "1840"]
[BlackElo "1694"]
[PlyCount "30"]
[EventDate "2017.08.10"]
[EventType "swiss"]
[EventRounds "9"]
[EventCountry "ESP"]
[SourceTitle "Ajedrez en Madrid"]
[Source "lmi"]
[SourceDate "2017.08.10"]
[SourceVersion "1"]
[SourceVersionDate "2018.07.27"]
[SourceQuality "1"]

1. d4 d5 2. Bg5 Nf6 3. Nd2 Bf5 4. e3 e6 5. Ngf3 Be7 6. Bd3 Bxd3 7. cxd3 O-O 8.
O-O Nbd7 9. Ne5 c5 10. Nxd7 Nxd7 11. Bxe7 Qxe7 12. dxc5 Nxc5 13. d4 Nd7 14. Qa4
Nb6 15. Qb3 Rac8 1/2-1/2

[Event "Open de Figueres Miquel Mas 2017 - B"]
[Site "Figueres ESP"]
[Date "2017.08.13"]
[Round "5.9"]
[White "Van Decraen, Roger"]
[Black "Sague Pla, Oscar"]
[Result "1/2-1/2"]
[WhiteElo "1752"]
[BlackElo "1751"]
[PlyCount "30"]
[EventDate "2017.08.10"]
[EventType "swiss"]
[EventRounds "9"]
[EventCountry "ESP"]
[SourceTitle "Ajedrez en Madrid"]
[Source "lmi"]
[SourceDate "2017.08.10"]
[SourceVersion "1"]
[SourceVersionDate "2018.07.27"]
[SourceQuality "1"]

1. d4 Nf6 2. c4 e5 3. dxe5 Ng4 4. Nf3 Nc6 5. Bf4 Bb4+ 6. Nc3 Qe7 7. e3 Bxc3+ 8.
bxc3 Ngxe5 9. Nxe5 Nxe5 10. Bxe5 Qxe5 11. Qd4 d6 12. f4 Qxd4 13. cxd4 Bf5 14.
Kd2 Be4 15. Bd3 Bxd3 1/2-1/2

[Event "Open de Figueres Miquel Mas 2017 - B"]
[Site "Figueres ESP"]
[Date "2017.08.14"]
[Round "6.1"]
[White "Clot Chico, Arnau"]
[Black "Claret, Franck"]
[Result "1-0"]
[WhiteElo "1899"]
[BlackElo "1925"]
[PlyCount "53"]
[EventDate "2017.08.10"]
[EventType "swiss"]
[EventRounds "9"]
[EventCountry "ESP"]
[SourceTitle "Ajedrez en Madrid"]
[Source "lmi"]
[SourceDate "2017.08.10"]
[SourceVersion "1"]
[SourceVersionDate "2018.07.27"]
[SourceQuality "1"]

1. e4 c5 2. Nf3 d6 3. d4 cxd4 4. Nxd4 Nf6 5. Nc3 g6 6. Be3 Bg7 7. f3 Nc6 8. Qd2
Nxd4 9. Bxd4 Be6 10. g4 Qa5 11. h4 h6 12. h5 g5 13. O-O-O Bxa2 14. Nb5 Qxd2+
15. Rxd2 Rc8 16. Nxa7 Ra8 17. b3 O-O 18. Kb2 Rxa7 19. e5 Nd7 20. Bxa7 Nxe5 21.
Bd4 Ra8 22. Be2 Nxf3 23. Bxf3 e5 24. Bc3 Re8 25. Ra1 e4 26. Rxd6 f5 27. gxf5
1-0